| 000 | 00661nam a22002177a 4500 | ||
|---|---|---|---|
| 003 | OSt | ||
| 005 | 20140310181724.0 | ||
| 008 | 130307t xxu||||| |||| 00| 0 eng d | ||
| 020 | _a9780199135318 | ||
| 050 |
_aHF 1118 _b.G985 2009 |
||
| 082 |
_aIB 658.002 _bG98 2009 |
||
| 100 | _aGutteridge, Llyod | ||
| 245 |
_aBusiness and management for the IB diploma : _bstandard and higher level _cLlyod Gutteridge |
||
| 260 |
_aOxford ; New York : _bOxford University Press, _cc2009. |
||
| 300 |
_c30 cm. : _av, 160 p. ; |
||
| 562 | _e1 | ||
| 650 | _aBusiness & Management. | ||
| 650 | _aInternational Baccalaureate. | ||
| 942 |
_2lcc _cBK |
||
| 999 |
_c2116 _d2116 |
||